000 00652nam a2200277Ia 4500
005 20260324145424.0
008 008 260324s9999 xx 000 0 eng d
020 _a9781315098029
037 _aEBOOK
040 _aCRL
040 _beng
040 _cCRL
041 _2eng
041 _aeng
084 _qCRL
100 _aJohn Pinder
_91222908
245 0 _aNational Industrial Strategies and the World Economy
260 _bTaylor and Francis
260 _c1982
365 _a
365 _b205
856 _uhttp://www.taylorfrancis.com/books/9781315098029
942 _cEBOOK
999 _c1830788
_d1830788